Casa y jardín : complejas relaciones entre el nivel inicial y las familias /
Guardado en:
| Autor Principal: | |
|---|---|
| Formato: | Libro |
| Publicado: |
Rosario :
Homo Sapiens,
2015
|
| Series: | Educación inicial / Laura Pitluk
|
| Materias: | |
| Etiquetas: |
Agregar Etiqueta
Sin Etiquetas, Sea el primero en etiquetar este registro!
|
| LEADER | 01033nam a22002295a 4500 | ||
|---|---|---|---|
| 001 | CEM.cems014612 | ||
| 005 | 20150806153522.0 | ||
| 008 | 130507s2015##################000#0#####d | ||
| 003 | CEMS | ||
| 020 | |a 9789508088710 | ||
| 082 | 0 | 4 | |a 372.21 |
| 100 | 1 | |a Siede, Isabelino A. | |
| 245 | 1 | 0 | |a Casa y jardín : |b complejas relaciones entre el nivel inicial y las familias / |c Isabelino A. Siede |
| 260 | |a Rosario : |b Homo Sapiens, |c 2015 | ||
| 300 | |a 236 p. | ||
| 490 | 0 | |a Educación inicial / Laura Pitluk | |
| 505 | 0 | |a Lo que llamamos familia -- Miradas sobre las familias en las tradiciones de Nivel Inicial -- Tensiones actuales entre familias y jardines -- Dentro y fuera del Jardín -- Tratos, contratos y sustrato -- Las reglas del juego -- La diversidad como problema -- El riesgo de las buenas intenciones -- Senderos abiertos entre familia y jardines | |
| 653 | |a Educación | ||
| 653 | |a Educación inicial | ||
| 653 | |a Pedagogía | ||
| 653 | |a Jardín de infantes | ||
| 859 | |a CEMS |b BIB. CEMS - 11 de abril |h 372.21 |i Si12 |p 27179.15 |t Ej.1 | ||
